| 000 | 00727nam a2200253Ia 4500 | ||
|---|---|---|---|
| 003 | OSt | ||
| 005 | 20221005065906.0 | ||
| 006 | a|||||r|||| 00| 0 | ||
| 007 | ta | ||
| 008 | 221004b |||||||| |||| 00| 0 eng d | ||
| 020 |
_a8175971967 (pbk) _cIndian Rupees 62 |
||
| 024 | _a70405 | ||
| 037 |
_bGift, 26/11/2021, _cTextual |
||
| 040 |
_aCRL _cCRL _beng |
||
| 041 |
_2eng _aeng |
||
| 082 | _aS:34, P7 | ||
| 100 |
_aEmir Rudite J. Au. _9605106 |
||
| 245 | 0 |
_aUndoing _b returning to simplicity |
|
| 260 |
_aMumbai _bCentral Chinmaya Mission India _c2007 |
||
| 300 |
_a157p. _ccm. |
||
| 650 | _aPSYCHOLOGY | ||
| 942 |
_hS:34, P7 _cTEXL _2cc |
||
| 999 |
_c975387 _d975387 |
||